MANIPAL MANUAL OF SURGERY (Record no. 1443)

MARC details
000 -LEADER
fixed length control field 00339nam a2200145Ia 4500
008 - FIXED-LENGTH DATA ELEMENTS--GENERAL INFORMATION
fixed length control field 150201s2011 xx 000 0 und d
082 ## - DEWEY DECIMAL CLASSIFICATION NUMBER
Classification number 617
Item number M11S
100 ## - MAIN ENTRY--PERSONAL NAME
Personal name SHENOY , K . RAJGOPAL
245 ## - TITLE STATEMENT
Title MANIPAL MANUAL OF SURGERY
250 ## - EDITION STATEMENT
Edition statement 3TH
260 ## - PUBLICATION, DISTRIBUTION, ETC. (IMPRINT)
Name of publisher, distributor, etc. CBS
Place of publication, distribution, etc. DELHI
Date of publication, distribution, etc. 2011
300 ## - PHYSICAL DESCRIPTION
Extent 1-969
650 ## - SUBJECT ADDED ENTRY--TOPICAL TERM
Topical term or geographic name as entry element SURGERY
942 ## - ADDED ENTRY ELEMENTS (KOHA)
Source of classification or shelving scheme Dewey Decimal Classification
Koha item type Books
Koha issues (borrowed), all copies 49
Holdings
Withdrawn status Lost status Source of classification or shelving scheme Damaged status Not for loan Collection code Home library Current library Shelving location Date acquired Source of acquisition Cost, normal purchase price SGTU Bill Number Total Checkouts Total Renewals Full call number Barcode Date last seen Date last checked out Bill Date Koha item type
    Dewey Decimal Classification     MEDICAL SGT Medical Library SGT Medical Library Text Book 24/01/2013 ABC DELHI 795.00 SGTU 3109 28 1 617 M11S FM5226 12/06/2024 10/06/2024 05/02/2013 Books
    Dewey Decimal Classification     MEDICAL SGT Medical Library SGT Medical Library Text Book 24/01/2013 ABC DELHI 795.00 SGTU 3109 18 1 617 M11S FM5227 29/10/2024 18/10/2024 05/02/2013 Books
    Dewey Decimal Classification     MEDICAL SGT Medical Library SGT Medical Library Text Book 24/01/2013 ABC DELHI 795.00 SGTU 3109     617 M11S FM5228 09/02/2015   05/02/2013 Books
    Dewey Decimal Classification     MEDICAL SGT Medical Library SGT Medical Library Text Book 24/01/2013 ABC DELHI 795.00 SGTU 3109 29   617 M11S FM5229 11/06/2025 10/06/2025 05/02/2013 Books
    Dewey Decimal Classification     MEDICAL SGT Medical Library SGT Medical Library Text Book 24/01/2013 ABC DELHI 795.00 SGTU 3109 15   617 M11S FM5230 17/12/2025 11/12/2025 05/02/2013 Books